000 01521nam a2200385 i 4500
001 000027410
003 DO-SdBNP
005 20260206120312.0
007 ta
008 110331s2010 ck ao e 000 0 spa d
020 _a9789589837337 (obra completa)
020 _a9789589837344 (t. 1)
020 _a9789589837351 (t. 2)
020 _a9789589837368 (t. 3)
040 _aDO-SdBNP
_bspa
_cBNPHU
_erda
082 4 _a364
_bE56
_222
245 0 0 _aEnciclopedia CCI :
_bcriminalística, criminología e investigación /
_ceditor general Luis Javier Morales Trujillo.
250 _aPrimera edición
264 1 _aBogotá, Colombia :
_bSigma Editores,
_c2010.
300 _a3 volumenes :
_bilustraciones, fotografías ;
_c29 cm.
336 _2rdacontent
_atexto
_btxt
337 _2rdamedia
_asin mediación
_bn
338 _2rdacarrier
_avolumen
_bnc
500 _aTomo 1: Ciencia criminalística, escena de los hechos y evidencias físicas.
500 _aTomo 2: Criminología, psicología forense y cuerpo de la víctima.
500 _aTomo 3: Investigación policial, procedimientos y técnicas científicas.
505 0 _gv. 1 :
_tCríminalística --
_gv. 2 :
_tCriminología --
_gv. 3 :
_tInvestigación /
590 _aInventariado, 2024/ YL
650 0 _aCriminología
_917089
650 0 _aInvestigación criminal
_96789
650 0 _aCiencias forenses
_949042
700 1 2 _aMorales Trujillo, Luis Javier,
_eeditor
_954478
910 _aYLockward/ Validado. Control de calidad MFF
942 _2ddc
_cLBS1
999 _c26902
_d26902